000 00814nam a22002177a 4500
008 090128t xxu||||| |||| 00| 0 eng d
010 _aENG-92653
020 _c250.00
_a9788120737303
035 _aEN-76186
037 _bDBAD / PUB
040 _adpl
_bEnglish
082 _a230.42
100 _aAllen, James
245 _aBook of meditations for every day ih the year /
_cby James Allen
260 _c2008
_aNew Delhi
_bSterling Paperbacks
270 _aA-59, Okhla Indusstrial Area, Phase-II,
_bNew Delhi
_e110020
300 _a366p.
_c22cm (pbk)
650 _aMeditation
942 _2ddc
_cEN
_mALL
_h230.42
999 _c22538
_d22538